Aristotelis (Record no. 7985)
[ view plain ]
| 000 -CABECERA | |
|---|---|
| campo de control de longitud fija | 01353nam a2200361 a 4500 |
| 001 - NÚMERO DE CONTROL | |
| campo de control | BRCA_8317 |
| 005 - FECHA Y HORA DE LA ÚLTIMA TRANSACCIÓN | |
| campo de control | 20190320210226.0 |
| 008 - DATOS DE LONGITUD FIJA--INFORMACIÓN GENERAL | |
| campo de control de longitud fija | 240614s1716----enka###f##---#001-0#gre-# |
| 041 ## - CÓDIGO DE LENGUA | |
| Código de lengua del texto/banda sonora o título independiente | grelat |
| 044 ## - CÓDIGO DEL PAÍS DE LA ENTIDAD EDITORA/PRODUCTORA | |
| Código MARC del país | enk |
| 050 #4 - SIGNATURA TOPOGRÁFICA DE LA BIBLIOTECA DEL CONGRESO | |
| Número de clasificación | BJ430.A7 |
| Número de documento/Ítem | .W55 1716 |
| 100 1# - ENTRADA PRINCIPAL--NOMBRE DE PERSONA | |
| Nombre de persona | Aristóteles |
| Fechas asociadas al nombre | 384-322 a.C. |
| 9 (RLIN) | 20768 |
| 245 10 - MENCIÓN DE TÍTULO | |
| Título | Aristotelis |
| Resto del título | Ethicorum Nicomacheorum libri decem |
| Mención de responsabilidad, etc. | Aristóteles ; cudicum MSS collatione recogniti & notis illustrati a Guillermo Wilkinson. |
| 260 ## - PUBLICACIÓN, DISTRIBUCIÓN, ETC. | |
| Lugar de publicación, distribución, etc. | Oxonii |
| Nombre del editor, distribuidor, etc. | Theatro Sheldoniano |
| Fecha de publicación, distribución, etc. | 1716 |
| 300 ## - DESCRIPCIÓN FÍSICA | |
| Extensión | 479 p. |
| Otras características físicas | il. |
| Dimensiones | 21 cm. |
| 500 ## - NOTA GENERAL | |
| Nota general | Fondo antiguo |
| 500 ## - NOTA GENERAL | |
| Nota general | Se encuentra en Caja Fuerte, 16-marzo-2016 |
| 500 ## - NOTA GENERAL | |
| Nota general | R-7 |
| 500 ## - NOTA GENERAL | |
| Nota general | Incluye índice |
| 500 ## - NOTA GENERAL | |
| Nota general | Incluye tabla de contenido |
| 500 ## - NOTA GENERAL | |
| Nota general | Con Ex-libris de: Franz Mayer y Leonard Troughear Holmes |
| 500 ## - NOTA GENERAL | |
| Nota general | Con dedicatoria: A Guillermo Wilkinson, A. M. E. Coll. Reginae |
| 500 ## - NOTA GENERAL | |
| Nota general | Marca de agua en la guarda |
| 500 ## - NOTA GENERAL | |
| Nota general | Nota de encuadernación: en piel con ornamentos dorados |
| 506 0# - NOTA DE RESTRICCIONES AL ACCESO | |
| Limitaciones de acceso | Fondo reservado: para su consulta es necesario credencial de usuario y carta de motivos |
| 546 ## - NOTA DE LENGUA/LENGUAJE | |
| Nota de lengua/lenguaje | Texto en: griego y latín |
| 650 14 - PUNTO DE ACCESO ADICIONAL DE MATERIA--TÉRMINO DE MATERIA | |
| Término de materia o nombre geográfico como elemento de entrada | Ética |
| Subdivisión de forma | Tratados |
| 9 (RLIN) | 20769 |
| 650 14 - PUNTO DE ACCESO ADICIONAL DE MATERIA--TÉRMINO DE MATERIA | |
| Término de materia o nombre geográfico como elemento de entrada | Filosofía antigua |
| Subdivisión de forma | Tratados |
| 9 (RLIN) | 20770 |
| 650 14 - PUNTO DE ACCESO ADICIONAL DE MATERIA--TÉRMINO DE MATERIA | |
| Término de materia o nombre geográfico como elemento de entrada | Filósofos griegos |
| 9 (RLIN) | 20771 |
| 700 1# - PUNTO DE ACCESO ADICIONAL--NOMBRE DE PERSONA | |
| Nombre de persona | Wilkinson, Guilielmo |
| Término indicativo de función/relación | comp. |
| 9 (RLIN) | 20772 |
| 902 ## - CATALOGADOR | |
| Iniciales | LAR |
| 942 ## - ELEMENTOS DE PUNTO DE ACCESO ADICIONAL (KOHA) | |
| Fuente del sistema de clasificación o colocación | Library of Congress Classification |
| Tipo de ítem Koha | Libros |
| Estado de retiro | Estado de pérdida | Estado dañado | No para préstamo | Localización permanente | Ubicación/localización actual | Fecha de adquisición | Número de inventario | Total de préstamos | Signatura topográfica completa | Código de barras | Fecha visto por última vez | Precio válido a partir de | Tipo de ítem Koha |
|---|---|---|---|---|---|---|---|---|---|---|---|---|---|
| El ejemplar forma parte de la colección y puede ser consultado según las políticas vigentes. | Biblioteca del Museo Franz Mayer (Rogerio Casas-Alatriste) | Biblioteca del Museo Franz Mayer (Rogerio Casas-Alatriste) | 24/06/2014 | R-7 | BJ430.A7 .W55 1716 (R-7) | LAR00027 | 22/03/2019 | 22/03/2019 | Libros |